| 000 | 00554nam a22001577a 4500 | ||
|---|---|---|---|
| 999 |
_c534239 _d534239 |
||
| 020 | _qHard Cover. | ||
| 082 | _a620.5 | ||
| 100 | _aBatool, Sadaf | ||
| 245 |
_aBiogenic Synthesis of Iron Oxide and Silver nano particles for Dye Degradation and Wound Dressing Applications / _cSadaf Batool. |
||
| 260 |
_aIslamabad: _bSCME - NUST, _c2018. |
||
| 300 |
_a107 p. : _bill. ; _c30cm. |
||
| 942 |
_2ddc _cTHE |
||
| 650 |
_aNano Science Engineering MS-Thesis. _916381 |
||
| 700 |
_aDr. Zakir Hussain _916137 |
||